000 00366nam a2200145Ia 4500
005 20250319031516.0
008 240331s9999 xx 000 0 und d
082 _bSEN
_a894
100 _aSengai A.K
245 0 _aNadanthaai vaali , valikkiyaru
260 _aJaffna
_bPoobalasingam Puthagasalai
_c1984
300 _aIv, 38 p .,
650 _aSirukavithai
942 _cL
999 _c4063
_d4063